000 01100 a2200241 4500
003 Nust
005 20230123102309.0
010 _a 81015682
020 _a0138913749 (pbk.) :
020 _a013891382X (hard)
040 _cNust
082 0 0 _a371.122,TIM
100 1 _aTimpson, William M.
_9107363
245 1 0 _aTeaching as performing :
_ba guide to energizing your public presentation /
_cWilliam M. Timpson, David N. Tobin.
260 _aEnglewood Cliffs, NJ :
_bPrentice-Hall,
_cc1982.
300 _ax, 205 p. :
_bill. ;
_c21 cm.
505 _aIntroduction (Page-1), Points of View (Page-12), The Body (Page-31), Hands and Faces (Page-41), Pantomime (Page-46), Voice (Page-53), Energy and Control (Page-61), Improvisation (Page-70), Scenes for Practice (Page-78), How to Keep It Going (Page-99), Teachers in literature (Page-128), Conclusion (Page-182), Related Programs (Page-189).
650 0 _aOral communication.
_935732
650 0 _aTeachers
_xTraining of
_zUnited States.
_9107364
650 0 _aTeaching.
_949671
700 1 _aTobin, David N.
_9107365
942 _2ddc
_cBK
_k371.122,TIM
999 _c185983
_d185983